• 首页
  • 本馆介绍
  • 公告通知
  • 最新文献
  • 馆藏检索
  • 电子资源
  • 读者导购
  • 参考咨询
  • 我的图书馆
  • 登录
  • 详细信息显示
  • 放入我的书架
  • 预约/预借图书
  • 作者相关作品
  • 分类相关作品
  • 丛书相关作品
  • 出版社相关作品

书目信息

  • 表格格式
  • 工作单格式
  • 卡片格式
书名: Selected Calculations in Electric Power
作者: T.P.Allen & R.E.Steven.
分册号:
分册名:
出版地: LONDON :
 
出版社: Hodder and Stoughton
出版时间: c1979.
页数: 226 p. ;
开本: 20cm.
丛书名:
中图分类号:
科图分类号:
其他分类号: TM60
主题词:
电子资源:
000 00407nam 2200145 a 4500
001 E0732702386
005 20070508091016.59
008 070508s1979 00010 eng
020    @a0-340-24359-7.
040    @aPFT@beng
090    @aTM60
099    @dTM60@ex4
245 1  @aSelected Calculations in Electric Power / @cT.P.Allen & R.E.Steven.
260    @aLONDON :@bHodder and Stoughton,@cc1979.
300    @a226 p. ;@c20cm.
    
    Selected Calculations in Electric Power / / T.P.Allen & R.E.Steven.-LONDON : : Hodder and Stoughton, , c1979.
    226 p. ; ; 20cm.
    
    
    ISBN 0-340-24359-7.
    
●
相关链接 在E读中查询图书 在五车中查询图书 在当当中查询图书 在豆瓣中查询图书


正题名:Selected Calculations in Electric Power     索取号:TM60/x4         预约/预借

序号 登录号 条形码 馆藏地/架位号 状态 备注
1 74418   000634585   第二样本阅览室/ [索取号:TM60/x4] 在馆    
唐山师范学院图书馆 欢迎您!
大连网信软件有限公司© 版权所有